Statistics for NFL Passing Leaders Since 1980

Click here to take the quiz!

General Stats

  • This quiz has been taken 242 times
  • The average score is 26 of 38

Answer Stats

YearYardsPlayer% Correct
20074,806Tom Brady
99%
20174,577Tom Brady
99%
20054,110Tom Brady
99%
20034,267Peyton Manning
97%
20004,413Peyton Manning
97%
20154,807Drew Brees
96%
20144,952Drew Brees
96%
20125,177Drew Brees
96%
20115,476Drew Brees
96%
20165,208Drew Brees
96%
20085,069Drew Brees
96%
20064,418Drew Brees
96%
19954,413Brett Favre
89%
19984,212Brett Favre
89%
19845,084Dan Marino
86%
19854,137Dan Marino
86%
19864,764Dan Marino
86%
19924,116Dan Marino
86%
19884,434Dan Marino
86%
20135,477Peyton Manning
85%
20104,710Phillip Rivers
77%
19934,030John Elway
75%
20014,830Kurt Warner
68%
19914,690Warren Moon
60%
19904,689Warren Moon
60%
19814,802Dan Fouts
52%
19822,883Dan Fouts
52%
19804,715Dan Fouts
52%
19944,555Drew Bledsoe
50%
20044,717Daunte Culpepper
49%
20024,689Rich Gannon
48%
20094,770Matt Schaub
37%
19973,917Jeff George
25%
19964,367Mark Brunell
21%
19873,387Neil Lomax
18%
19894,318Don Majkowski
15%
19834,458Lynn Dickey
14%
19994,436Steve Beuerlein
11%

Score Distribution

Percentile by Number Answered

Percent of People with Each Score

Your Score History

You have not taken this quiz